| 000 | 00880cam a22003017a 4500 | ||
|---|---|---|---|
| 001 | 15362485 | ||
| 003 | OSt | ||
| 005 | 20140310182913.0 | ||
| 008 | 080711s2007 ph a b 000 0 eng | ||
| 010 | _a 2008337461 | ||
| 020 | _a9789715845458 | ||
| 040 |
_aDLC _cDLC _dDLC |
||
| 042 | _alcode | ||
| 050 | 0 | 0 |
_aBS 680 _bQu8 2007 |
| 082 |
_aFIL 248.4 _bQ4 2007 |
||
| 100 | 1 | _aQuitain, Bobby. | |
| 245 | 1 | 0 |
_aBe not afraid : _bexhortations for testing times / _cQuitain, Bobby ; foreword by Socrates "Soc" Villegas. |
| 260 |
_aQuezon City : _bC & E Pub., _c2007. |
||
| 300 |
_axvii, 256 p. : _bill. ; _c22 cm. |
||
| 521 | _aCollege | ||
| 526 | _c1210L-1700L | ||
| 540 | _aIncludes bibliographical references. | ||
| 541 | _j1 | ||
| 562 | _e1 | ||
| 906 |
_a7 _bcbc _corigode _d4 _encip _f20 _gy-gencatlg |
||
| 942 |
_2lcc _cBK _kFIL |
||
| 999 |
_c17261 _d17261 |
||